书目信息 |
| 题名: |
AECOsim Building Designer使用指南
|
|
| 作者: | 赵顺耐 编著 | |
| 分册: | 设计篇 | |
| 出版信息: | 北京 知识产权出版社 2014.11 |
|
| 页数: | 376页 | |
| 开本: | 24cm | |
| 丛书名: | Bentley BIM书系 | |
| 单 册: | ||
| 中图分类: | TU201.4 | |
| 科图分类: | ||
| 主题词: | 建筑设计--jian zhu she ji--计算机辅助设计--应用软件--指南 | |
| 电子资源: | ||
| ISBN: | 978-7-5130-3082-3 | |
| 000 | 01142nam 2200277 450 | |
| 001 | CAL 007264187 | |
| 005 | 20150817154135.53 | |
| 010 | @a978-7-5130-3082-3@dCNY88.00 | |
| 100 | @a20150512d2014 em y0chiy50 ea | |
| 101 | 0 | @achi |
| 102 | @aCN@b110000 | |
| 105 | @aa z 000yy | |
| 106 | @ar | |
| 200 | 1 | @aAECOsim Building Designer使用指南@AAECOsim Building Designer shi yong zhi nan@i设计篇@f赵顺耐编著 |
| 210 | @a北京@c知识产权出版社@d2014.11 | |
| 215 | @a376页@c图 (部分彩图)@d24cm | |
| 225 | 2 | @aBentley BIM书系@ABentley BIM shu xi@e基于全生命周期的解决方案 |
| 330 | @a本书是基于BIM项目的软件使用指南, 分为AECOsim Building Designer BIM基础、流程、建筑模块、结构模块、建筑设备几部分, 内容涉及核心对象, 结构与屋顶, 楼层建模, 内墙和幕墙建模, 基本构件, 墙、楼板和地基, 暖通空调, 给排水, 图纸输出。 | |
| 410 | 0 | @12001 @aBentley BIM书系 (基于全生命周期的解决方案) |
| 517 | 1 | @a设计篇@Ashe ji pian |
| 586 | @a | |
| 606 | 0 | @a建筑设计@Ajian zhu she ji@x计算机辅助设计@x应用软件@j指南 |
| 690 | @aTU201.4@v5 | |
| 701 | 0 | @a赵顺耐@Azhao shun nai@4编著 |
| 801 | 0 | @aCN@c20150820 |
| 905 | @a河南城建学院图书馆@dTU201.4@eZ325@f3 | |
| AECOsim Building Designer使用指南.设计篇/赵顺耐编著.-北京:知识产权出版社,2014.11 |
| 376页:图 (部分彩图);24cm.-(Bentley BIM书系:基于全生命周期的解决方案) |
| ISBN 978-7-5130-3082-3:CNY88.00 |
| 本书是基于BIM项目的软件使用指南, 分为AECOsim Building Designer BIM基础、流程、建筑模块、结构模块、建筑设备几部分, 内容涉及核心对象, 结构与屋顶, 楼层建模, 内墙和幕墙建模, 基本构件, 墙、楼板和地基, 暖通空调, 给排水, 图纸输出。 |
| ● |
| 相关链接 |
|
|
|
正题名:AECOsim Building Designer使用指南
索取号:TU201.4/Z325
 
预约/预借
| 序号 | 登录号 | 条形码 | 馆藏地/架位号 | 状态 | 备注 |
| 1 | 1165899 | 211658990 | 建筑库101/101建筑库 37排1列3层/ [索取号:TU201.4/Z325] | 在馆 | |
| 2 | 1165900 | 211659007 | 建筑库101/101建筑库 37排1列3层/ [索取号:TU201.4/Z325] | 在馆 | |
| 3 | 1165901 | 211659016 | 建筑库101/101建筑库 37排1列3层/ [索取号:TU201.4/Z325] | 在馆 |